000
00349 a2200169 4500
001
182201
020
_a
978-85-359-2091-8
040
_c
Magnum
100
_a
Amado, Jorge
240
1
0
_a
Mar morto
_l
por
245
1
0
_a
Mar morto
300
_a
271
362
0
_a
2012
440
1
_a
Companhia das Letras
697
_a
LITERATURA GERAL
942
_c
BK
999
_c
182201
_d
182201